000 004570000a22001810004500
041 0 _aENG
082 0 4 _aG 234.8 P3612t
100 1 _aPearse, Mark Guy
245 1 0 _aThoughts on holiness / Mark Guy Pearse
260 _aBronfield, USA : McDonald & Gill
300 _a219 Pag
650 1 4 _aSANTIFICACION
001 4306
942 _cBK
999 _c34915
_d34915
336 _atexto
_btxt
_2rdacontent
337 _2rdamedia
_asin mediación
_bn
338 _2rdacarrier
_avolumen
_bnc